[Event "RSA-ch U10"]
[Site "Waterkloof"]
[Date "2015.04.07"]
[Round "5"]
[White "Janse Van Vuren, Ernst"]
[Black "Smit, Albert"]
[Result "1-0"]
[WhiteElo "961"]
[BlackElo "993"]
[PlyCount "30"]
[EventDate "2015.04.04"]
[EventType "swiss"]
[EventRounds "9"]
[EventCountry "RSA"]
[SourceTitle "CBM 166 Extra"]
[Source "ChessBase"]
[SourceDate "2015.06.18"]
[SourceVersion "1"]
[SourceVersionDate "2015.06.18"]
[SourceQuality "1"]

1. c4 e6 2. e3 d5 3. Nc3 Nf6 4. Nf3 Bd6 5. Be2 0-0 6. 0-0 e5 7. cxd5 e4 8. Ng5 h6 9. Ncxe4 Nxe4 10. Nxe4 Be5 11. d4 Bd6 12. b3 Be7 13. Bb2 Qxd5 14. Qd3 Bf5 15. Bf3 Nc6 1-0